<?xml version="1.0" encoding="UTF-8"?><marc:collection xmlns:marc="http://www.loc.gov/MARC21/slim">
  <marc:record>
    <marc:leader>03743nas a2200661 c 4500</marc:leader>
    <marc:controlfield tag="001">010052135</marc:controlfield>
    <marc:controlfield tag="003">DE-101</marc:controlfield>
    <marc:controlfield tag="005">20250709210023.0</marc:controlfield>
    <marc:controlfield tag="007">tu</marc:controlfield>
    <marc:controlfield tag="008">991118d19371979gw z||p|  ||| 0||||1ger c</marc:controlfield>
    <marc:datafield tag="015" ind1=" " ind2=" ">
      <marc:subfield code="a">99,V01</marc:subfield>
      <marc:subfield code="2">dnb</marc:subfield>
    </marc:datafield>
    <marc:datafield tag="016" ind1="7" ind2=" ">
      <marc:subfield code="2">DE-600</marc:subfield>
      <marc:subfield code="a">3475-7</marc:subfield>
    </marc:datafield>
    <marc:datafield tag="016" ind1="7" ind2=" ">
      <marc:subfield code="2">DE-101</marc:subfield>
      <marc:subfield code="a">010052135</marc:subfield>
    </marc:datafield>
    <marc:datafield tag="022" ind1=" " ind2=" ">
      <marc:subfield code="a">0017-9957</marc:subfield>
    </marc:datafield>
    <marc:datafield tag="022" ind1=" " ind2=" ">
      <marc:subfield code="a">0017-9957</marc:subfield>
      <marc:subfield code="2">6</marc:subfield>
    </marc:datafield>
    <marc:datafield tag="030" ind1=" " ind2=" ">
      <marc:subfield code="a">HELOAY</marc:subfield>
    </marc:datafield>
    <marc:datafield tag="035" ind1=" " ind2=" ">
      <marc:subfield code="a">(DE-599)ZDB3475-7</marc:subfield>
    </marc:datafield>
    <marc:datafield tag="035" ind1=" " ind2=" ">
      <marc:subfield code="a">(OCoLC)1367283191</marc:subfield>
    </marc:datafield>
    <marc:datafield tag="040" ind1=" " ind2=" ">
      <marc:subfield code="a">9001</marc:subfield>
      <marc:subfield code="b">ger</marc:subfield>
      <marc:subfield code="c">DE-101</marc:subfield>
      <marc:subfield code="d">9999</marc:subfield>
    </marc:datafield>
    <marc:datafield tag="041" ind1=" " ind2=" ">
      <marc:subfield code="a">ger</marc:subfield>
    </marc:datafield>
    <marc:datafield tag="042" ind1=" " ind2=" ">
      <marc:subfield code="a">zdb</marc:subfield>
    </marc:datafield>
    <marc:datafield tag="044" ind1=" " ind2=" ">
      <marc:subfield code="c">XA-DE</marc:subfield>
    </marc:datafield>
    <marc:datafield tag="082" ind1="7" ind2="4">
      <marc:subfield code="a">050</marc:subfield>
      <marc:subfield code="q">DE-101</marc:subfield>
      <marc:subfield code="2">22sdnb</marc:subfield>
    </marc:datafield>
    <marc:datafield tag="083" ind1="7" ind2=" ">
      <marc:subfield code="a">550</marc:subfield>
      <marc:subfield code="a">570</marc:subfield>
      <marc:subfield code="q">DE-600</marc:subfield>
      <marc:subfield code="2">22sdnb</marc:subfield>
    </marc:datafield>
    <marc:datafield tag="084" ind1=" " ind2=" ">
      <marc:subfield code="a">14</marc:subfield>
      <marc:subfield code="2">ssgn</marc:subfield>
    </marc:datafield>
    <marc:datafield tag="084" ind1=" " ind2=" ">
      <marc:subfield code="a">BIODIV</marc:subfield>
      <marc:subfield code="q">DE-30</marc:subfield>
      <marc:subfield code="2">fid</marc:subfield>
    </marc:datafield>
    <marc:datafield tag="084" ind1=" " ind2=" ">
      <marc:subfield code="a">WA 15000</marc:subfield>
      <marc:subfield code="2">rvk</marc:subfield>
    </marc:datafield>
    <marc:datafield tag="210" ind1="0" ind2="0">
      <marc:subfield code="a">Helgoländer wiss. Meeresunters.</marc:subfield>
    </marc:datafield>
    <marc:datafield tag="210" ind1="0" ind2="0">
      <marc:subfield code="a">Helgol. Wiss. Meeresunters.</marc:subfield>
    </marc:datafield>
    <marc:datafield tag="222" ind1=" " ind2="0">
      <marc:subfield code="a">Helgoländer wissenschaftliche Meeresuntersuchungen</marc:subfield>
    </marc:datafield>
    <marc:datafield tag="245" ind1="0" ind2="0">
      <marc:subfield code="a">Helgoländer wissenschaftliche Meeresuntersuchungen</marc:subfield>
      <marc:subfield code="b">= Marine investigations = Recherches maritimes</marc:subfield>
      <marc:subfield code="c">im Auftr. ... hrsg. von d. Biologischen Anstalt auf Helgoland</marc:subfield>
    </marc:datafield>
    <marc:datafield tag="246" ind1="1" ind2="1">
      <marc:subfield code="a">Marine investigations</marc:subfield>
    </marc:datafield>
    <marc:datafield tag="246" ind1="1" ind2="1">
      <marc:subfield code="a">Recherches maritimes</marc:subfield>
    </marc:datafield>
    <marc:datafield tag="264" ind1="3" ind2="1">
      <marc:subfield code="a">Hamburg</marc:subfield>
      <marc:subfield code="b">Biologische Anst. Helgoland</marc:subfield>
      <marc:subfield code="c">1937-1979</marc:subfield>
    </marc:datafield>
    <marc:datafield tag="264" ind1="3" ind2="1">
      <marc:subfield code="a">Kiel</marc:subfield>
      <marc:subfield code="b">Lipsius &amp; Tischer [in Komm.]</marc:subfield>
      <marc:subfield code="c">1937-1979</marc:subfield>
    </marc:datafield>
    <marc:datafield tag="336" ind1=" " ind2=" ">
      <marc:subfield code="a">Text</marc:subfield>
      <marc:subfield code="b">txt</marc:subfield>
      <marc:subfield code="2">rdacontent</marc:subfield>
    </marc:datafield>
    <marc:datafield tag="337" ind1=" " ind2=" ">
      <marc:subfield code="a">ohne Hilfsmittel zu benutzen</marc:subfield>
      <marc:subfield code="b">n</marc:subfield>
      <marc:subfield code="2">rdamedia</marc:subfield>
    </marc:datafield>
    <marc:datafield tag="338" ind1=" " ind2=" ">
      <marc:subfield code="a">Band</marc:subfield>
      <marc:subfield code="b">nc</marc:subfield>
      <marc:subfield code="2">rdacarrier</marc:subfield>
    </marc:datafield>
    <marc:datafield tag="362" ind1="0" ind2=" ">
      <marc:subfield code="a">1.1937/39; 2.1939/42; 3.1950 - 32.1979</marc:subfield>
    </marc:datafield>
    <marc:datafield tag="363" ind1="0" ind2="0">
      <marc:subfield code="8">1.1\x</marc:subfield>
      <marc:subfield code="a">1</marc:subfield>
      <marc:subfield code="i">1937/39</marc:subfield>
    </marc:datafield>
    <marc:datafield tag="363" ind1="0" ind2="0">
      <marc:subfield code="8">2.1\x</marc:subfield>
      <marc:subfield code="a">2</marc:subfield>
      <marc:subfield code="i">1939/42</marc:subfield>
    </marc:datafield>
    <marc:datafield tag="363" ind1="0" ind2="0">
      <marc:subfield code="8">3.1\x</marc:subfield>
      <marc:subfield code="a">3</marc:subfield>
      <marc:subfield code="i">1950</marc:subfield>
    </marc:datafield>
    <marc:datafield tag="363" ind1="1" ind2="0">
      <marc:subfield code="8">3.2\x</marc:subfield>
      <marc:subfield code="a">32</marc:subfield>
      <marc:subfield code="i">1979</marc:subfield>
    </marc:datafield>
    <marc:datafield tag="583" ind1="1" ind2=" ">
      <marc:subfield code="a">Archivierung/Langzeitarchivierung gewährleistet</marc:subfield>
      <marc:subfield code="f">PEHH</marc:subfield>
      <marc:subfield code="x">XA-DE-HH</marc:subfield>
      <marc:subfield code="5">DE-18</marc:subfield>
      <marc:subfield code="2">pdager</marc:subfield>
    </marc:datafield>
    <marc:datafield tag="655" ind1=" " ind2="7">
      <marc:subfield code="0">(DE-588)4067488-5</marc:subfield>
      <marc:subfield code="0">https://d-nb.info/gnd/4067488-5</marc:subfield>
      <marc:subfield code="0">(DE-101)040674886</marc:subfield>
      <marc:subfield code="a">Zeitschrift</marc:subfield>
      <marc:subfield code="2">gnd-content</marc:subfield>
    </marc:datafield>
    <marc:datafield tag="710" ind1="2" ind2=" ">
      <marc:subfield code="0">(DE-588)36645-6</marc:subfield>
      <marc:subfield code="0">https://d-nb.info/gnd/36645-6</marc:subfield>
      <marc:subfield code="0">(DE-101)000366455</marc:subfield>
      <marc:subfield code="a">Biologische Anstalt Helgoland</marc:subfield>
      <marc:subfield code="e">Herausgebendes Organ</marc:subfield>
      <marc:subfield code="4">isb</marc:subfield>
      <marc:subfield code="2">gnd</marc:subfield>
    </marc:datafield>
    <marc:datafield tag="776" ind1="0" ind2="8">
      <marc:subfield code="i">Erscheint auch als</marc:subfield>
      <marc:subfield code="n">Online-Ausgabe</marc:subfield>
      <marc:subfield code="t">Helgoland marine research</marc:subfield>
      <marc:subfield code="d">Berlin ; Heidelberg ; New York, NY : Springer, 1937-</marc:subfield>
      <marc:subfield code="h">Online-Ressource</marc:subfield>
      <marc:subfield code="x">1438-3888</marc:subfield>
      <marc:subfield code="w">(DE-600)1499108-1</marc:subfield>
      <marc:subfield code="w">(DE-101)019917856</marc:subfield>
    </marc:datafield>
    <marc:datafield tag="780" ind1="0" ind2="0">
      <marc:subfield code="i">Vorg.:</marc:subfield>
      <marc:subfield code="t">Wissenschaftliche Meeresuntersuchungen / Abteilung Helgoland. Abt. Helgoland</marc:subfield>
      <marc:subfield code="d">Kiel ; Leipzig : Lipsius &amp; Tischer, 1899-1935</marc:subfield>
      <marc:subfield code="w">(DE-600)502251-4</marc:subfield>
      <marc:subfield code="w">(DE-101)012624438</marc:subfield>
    </marc:datafield>
    <marc:datafield tag="785" ind1="0" ind2="0">
      <marc:subfield code="i">Forts.:</marc:subfield>
      <marc:subfield code="t">Helgoländer Meeresuntersuchungen</marc:subfield>
      <marc:subfield code="d">Hamburg : Anst., 1980-1999</marc:subfield>
      <marc:subfield code="x">0174-3597</marc:subfield>
      <marc:subfield code="w">(DE-600)572898-8</marc:subfield>
      <marc:subfield code="w">(DE-101)013230220</marc:subfield>
    </marc:datafield>
    <marc:datafield tag="787" ind1="0" ind2="8">
      <marc:subfield code="i">4=1/3; 5=4/6 von</marc:subfield>
      <marc:subfield code="a">Deutsche Wissenschaftliche Kommission für Meeresforschung</marc:subfield>
      <marc:subfield code="t">Berichte der Deutschen Wissenschaftlichen Kommission für Meeresforschung / Beiheft</marc:subfield>
      <marc:subfield code="d">Hamburg ; Berlin : Parey, 1952-1956</marc:subfield>
      <marc:subfield code="w">(DE-600)737-7</marc:subfield>
      <marc:subfield code="w">(DE-101)010006656</marc:subfield>
    </marc:datafield>
    <marc:datafield tag="787" ind1="0" ind2="8">
      <marc:subfield code="i">15=1 von</marc:subfield>
      <marc:subfield code="a">European Symposium on Marine Biology</marc:subfield>
      <marc:subfield code="t">Vorträge und Diskussionen / Europäisches Symposion über Meeresbiologie</marc:subfield>
      <marc:subfield code="d">Hamburg : [Verlag nicht ermittelbar], 1967-1967</marc:subfield>
      <marc:subfield code="w">(DE-600)843184-X</marc:subfield>
      <marc:subfield code="w">(DE-101)014545810</marc:subfield>
    </marc:datafield>
    <marc:datafield tag="787" ind1="0" ind2="8">
      <marc:subfield code="i">9=1963; 14=1965 von</marc:subfield>
      <marc:subfield code="t">Quantitative Biologie des Stoffwechsels</marc:subfield>
      <marc:subfield code="d">Hamburg : [Verlag nicht ermittelbar], 1964-1966</marc:subfield>
      <marc:subfield code="w">(DE-600)223109-8</marc:subfield>
      <marc:subfield code="w">(DE-101)011319836</marc:subfield>
    </marc:datafield>
    <marc:datafield tag="787" ind1="0" ind2="8">
      <marc:subfield code="i">10=4 von</marc:subfield>
      <marc:subfield code="a">Meeresbiologisches Symposion</marc:subfield>
      <marc:subfield code="t">Vorträge und Diskussionen / Meeresbiologisches Symposion</marc:subfield>
      <marc:subfield code="d">List, Sylt : [Verlag nicht ermittelbar], 1964-1964</marc:subfield>
      <marc:subfield code="w">(DE-600)1346724-4</marc:subfield>
      <marc:subfield code="w">(DE-101)018482694</marc:subfield>
    </marc:datafield>
    <marc:datafield tag="787" ind1="0" ind2="8">
      <marc:subfield code="i">9=1; 14=2; 17=1967 von</marc:subfield>
      <marc:subfield code="a">Biologische Anstalt Helgoland</marc:subfield>
      <marc:subfield code="t">Internationales Symposium / Biologische Anstalt Helgoland</marc:subfield>
      <marc:subfield code="d">Hamburg : [Verlag nicht ermittelbar], 1964-1968</marc:subfield>
      <marc:subfield code="w">(DE-600)237229-0</marc:subfield>
      <marc:subfield code="w">(DE-101)011421762</marc:subfield>
    </marc:datafield>
    <marc:datafield tag="787" ind1="0" ind2="8">
      <marc:subfield code="i">20=1969; 24=1972; 30=1976 von</marc:subfield>
      <marc:subfield code="a">International Helgoland Symposium</marc:subfield>
      <marc:subfield code="t">International Helgoland Symposium</marc:subfield>
      <marc:subfield code="d">Hamburg : [Verlag nicht ermittelbar], 1970-</marc:subfield>
      <marc:subfield code="w">(DE-600)237230-7</marc:subfield>
      <marc:subfield code="w">(DE-101)011421770</marc:subfield>
    </marc:datafield>
    <marc:datafield tag="850" ind1=" " ind2=" ">
      <marc:subfield code="a">DE-101a</marc:subfield>
      <marc:subfield code="a">DE-101b</marc:subfield>
    </marc:datafield>
    <marc:datafield tag="889" ind1=" " ind2=" ">
      <marc:subfield code="w">(DE-101)958881839</marc:subfield>
    </marc:datafield>
    <marc:datafield tag="925" ind1="r" ind2=" ">
      <marc:subfield code="a">rb</marc:subfield>
    </marc:datafield>
  </marc:record>
</marc:collection>
